000 00854cab a2200229 4500
001 ABS47598
008 090401t1992 xxu||||| |||| 00| 0 eng d
035 _a(Sirsi) u62586
041 _aeng
100 _aHouston, K.
245 _aMoves in advance of a retreat
260 _c1992
350 _a0
490 _aAccountants Magazine
_vOctober 1992 20-23(3)
520 _aThe need to ensure continuity in the provision of sufficient suitable accommodation and infrastructure for inward locating businesses led to an RICS-led working party in Scotland producing a report identifying future requirements and concerns, here described.
650 _aINWARD INVESTMENT
650 _aRICS IN SCOTLAND
650 _aSCOTLAND
690 _aPROPERTY-COMMERCIAL PROPERTY-COMMERCIAL PROPERTY FINANCE AND INVESTMENT
942 _n0
948 _c04/03/1997
999 _c38866
_d38866